000 01169nam a2200313 a 4500
001 000111860
003 CHAP
005 20220329144232.0
008 150924s2015 mx a fsm |||||||spa d
010 _a108321
011 _a109293
040 _cCHAP
090 _aTesis
100 1 _aPierre, Absalon
_9129850
245 1 0 _aPropuestas de reestructuración curricular en dos facultades de agronomía haitianas relacionadas al desarrollo sustentable /
_h[En línea]
_cpor Absalon Pierre.
260 _aChapingo, Méx. :
_bEl autor,
_c2015.
500 _aPara ver el contenido del material haga clic en la liga
502 _aTesis (Ph.D. en Ciencias en Educación Agrícola Superior) -- UACH. Departamento de Sociología Rural
590 _aE6096MTM
_b05
_c20150924
_lUCH01
_h1145
590 _aE6096MTM
_b05
_c20150924
_lUCH01
_h1147
650 1 4 _aCurriculo
_xEducación superior.
_930553
650 1 4 _aEducación agrícola.
_935491
650 1 4 _aEducación superior
_xMetodología.
_935646
650 1 4 _aPlanes de estudio.
_988732
856 _aFinding aid
_uhttp://10.13.5.2/tesis/sist111860.pdf
_zTeclea aquí
901 _aBK
942 _cTESIS
942 _n0
999 _c108321
_d108321